| 000 | 00857nam a22002897a 4500 | ||
|---|---|---|---|
| 001 | 36303 | ||
| 003 | Ost | ||
| 005 | 20260507154551.0 | ||
| 008 | 251113s9999||||xx |||||||||||||| ||eng|| | ||
| 020 | _a9788183610926 | ||
| 040 | _cnitttr | ||
| 082 |
_a891.433 _bBHA-M |
||
| 100 | _aMannu Bhandari - मन्नू भंडारी | ||
| 245 | 0 | _aMahabhoj - महाभोज | |
| 250 | _a1st Ed. | ||
| 260 |
_aDelhi, India _bRadhakrishna Prakashan _c2021 |
||
| 300 | _a167 p. | ||
| 650 | _a Class and caste issues | ||
| 650 | _a Corrupt politics and bureaucracy | ||
| 650 | _a Death and political exploitation | ||
| 650 | _a Democracy and power dynamics | ||
| 650 | _a Feast as metaphor (Mahabhoj) | ||
| 650 | _a Media and political spectacle | ||
| 650 | _a Social realism | ||
| 650 | _aPolitical satire / political commentary | ||
| 942 | _cBK | ||
| 999 |
_c211 _d211 |
||